1284 1848 1250 1113 1748 1465 1212 1111 1559 1086 1336 1833 1239 1071 1996 1987 1330 1739 1789 1062 1732 1247 1824 1079 1264 1892 1358 1646 1841 1930 1924 1116 1750 1834 1709 1075 1424 1385 1682 1631 1630 1546 1246 1584 1909 1925 1430 1086 1897 1719 1817 1045 1117 1488 1894 1746 1642 1511 1483 1976 1609 1224 1942 1218 1231 1443 1732 1288 1919 1650 1896 1336 1687 1425 1944 1562 1301 1591 1097 1080 1747 1377 1012 1329 1442 1744 1373 1875 1929 1229 1702 1424 1578 1245 1825 1003 1850 1051 1045 BCNSPRNW ULIB Ver.6.0+V

เปลี่ยนเป็นภาษาไทย

Change to English
 แสดงรายละเอียดบรรณานุกรม
  กลับหน้าหลัก

Brief Record : Get Marc (ISO 2709) : E-mail record : QR code < ปิดหน้าต่าง
LEADER : 00000nam 2200000uu 4500
001    13399113575
003     ULIB
008    020711s2551 th a 000 0 tha d
020    ^a9789741373604
090    นว.P111ห 2551
100    ^aPink devil
245    ^aหนุ่มแสบสาววุ่น ชุลมุนโรงเรียนปีศาจ 3/^cPink devil
250    ^aพิมพ์ครั้งที่ 1
260    ^aกรุงเทพฯ :^bZ-Girl Fantasy,^c2551
300    ^a472 หน้า
945    ^p270^l0^i024500
999 ^a ทศพร
รายการนี้ยังไม่มีแท็ก
คุณยังไม่ได้ล็อกอิน คุณสามารถมีกิจกรรมร่วมกับเว็บไซต์ได้ แต่ต้องล็อกอินก่อน ::
  ล็อกอิน

รายการสื่อสารสนเทศ

ลำดับที่ ประเภท เลขเรียก/บาร์โค้ด สถานที่ สถานะ
1. นวนิยาย
นวนิยาย
นว.P111ห 2551 ฉ.1 
  Barcode: 024500
ห้องสมุดวิทยาเขตสวรรค์ประชารักษ์
►นวนิยาย
บนชั้น
  ขอยืม

BibComment


ยังไม่เคยถูกคอมเมนท์

คอมเมนท์ทรัพยากรรายการนี้
  คอมเมนท์: หนุ่มแสบสาววุ่น ..


 Copyright 2026. Bcnsprnw @Library